<?xml version="1.0" encoding="UTF-8"?>
<record
    xmlns:xsi="http://www.w3.org/2001/XMLSchema-instance"
    xsi:schemaLocation="http://www.loc.gov/MARC21/slim http://www.loc.gov/standards/marcxml/schema/MARC21slim.xsd"
    xmlns="http://www.loc.gov/MARC21/slim">

  <leader>02545nam a22003017a 4500</leader>
  <controlfield tag="003">OSt</controlfield>
  <controlfield tag="005">20251021112237.0</controlfield>
  <controlfield tag="007">cr ||||||a|c|a</controlfield>
  <controlfield tag="008">230503s2019    mx d|||fom||| 001 0 spa d</controlfield>
  <datafield tag="040" ind1=" " ind2=" ">
    <subfield code="e">rda</subfield>
  </datafield>
  <datafield tag="100" ind1="1" ind2=" ">
    <subfield code="9">186895</subfield>
    <subfield code="a">Dur&#xE1;n Ruvalcaba, Marco Antonio</subfield>
  </datafield>
  <datafield tag="245" ind1="1" ind2="0">
    <subfield code="a">Sistema Fiscal  Mexicano:</subfield>
    <subfield code="b">An&#xE1;lisis y determinaci&#xF3;n de la recaudaci&#xF3;n de impuestos /</subfield>
    <subfield code="c">Marco Antonio Dur&#xE1;n Ruvalcaba; director de tesis Facundo de la Cruz Garc&#xED;a </subfield>
  </datafield>
  <datafield tag="264" ind1=" " ind2="1">
    <subfield code="a">Chapingo, M&#xE9;xico :</subfield>
    <subfield code="b">El autor,</subfield>
    <subfield code="c">2019</subfield>
  </datafield>
  <datafield tag="300" ind1=" " ind2=" ">
    <subfield code="a">1 recurso en l&#xED;nea (146 p&#xE1;ginas):</subfield>
    <subfield code="b">incluye tablas y gr&#xE1;ficas</subfield>
  </datafield>
  <datafield tag="336" ind1=" " ind2=" ">
    <subfield code="2">rdacontent</subfield>
    <subfield code="a">texto</subfield>
    <subfield code="b">txt</subfield>
  </datafield>
  <datafield tag="337" ind1=" " ind2=" ">
    <subfield code="2">rdamedia</subfield>
    <subfield code="a">computadora</subfield>
    <subfield code="b">c</subfield>
  </datafield>
  <datafield tag="338" ind1=" " ind2=" ">
    <subfield code="2">rdacarrier</subfield>
    <subfield code="a">recurso en l&#xED;nea</subfield>
    <subfield code="b">cr</subfield>
  </datafield>
  <datafield tag="502" ind1=" " ind2=" ">
    <subfield code="b">DCEA</subfield>
    <subfield code="c">DICEA</subfield>
    <subfield code="d">2019</subfield>
    <subfield code="g">DOC</subfield>
  </datafield>
  <datafield tag="504" ind1=" " ind2=" ">
    <subfield code="a">Incluye referencias bibliogr&#xE1;ficas: p&#xE1;ginas </subfield>
  </datafield>
  <datafield tag="520" ind1=" " ind2=" ">
    <subfield code="a">Este estudio es un an&#xE1;lisis del sistema fiscal mexicano (2006-2017). Se expone por qu&#xE9; la baja recaudaci&#xF3;n de impuestos ha influido directamente en el pobre desempe&#xF1;o econ&#xF3;mico: poca inversi&#xF3;n p&#xFA;blica y crecimiento de la deuda, pero, sobre todo, en el rezago social. La pol&#xED;tica fiscal tiene como objetivo recaudar para financiar al Estado; es la herramienta de la que se vale un pa&#xED;s para ejecutar con eficiencia la distribuci&#xF3;n del ingreso nacional y la riqueza. En M&#xE9;xico, este instrumento ha fallado, dejando en consecuencia bajo nivel de vida y escaso crecimiento del PIB. Haber dejado recaer el presupuesto en los ingresos del petr&#xF3;leo se convirti&#xF3; en una pr&#xE1;ctica poco sana, debido a que los ingresos tributarios han sido insuficientes para financiar al gobierno federal. Los requerimientos financieros propician un incremento de la deuda y un desequilibrio permanente en la Balanza de Pagos. La baja recaudaci&#xF3;n es resultado de una alta informalidad, es un sistema complejo: reg&#xED;menes especiales, exenciones, evasi&#xF3;n, elusi&#xF3;n y limitada base de contribuyentes. Se eval&#xFA;a la necesidad de imponer impuestos a la riqueza, propiedad, patrimonio, herencias y transacciones financieras. Se busca establecer la relaci&#xF3;n econ&#xF3;mica m&#xE1;s adecuada para M&#xE9;xico en materia recaudatoria.</subfield>
  </datafield>
  <datafield tag="650" ind1=" " ind2="4">
    <subfield code="9">90562</subfield>
    <subfield code="a">Pol&#xED;tica fiscal</subfield>
  </datafield>
  <datafield tag="650" ind1=" " ind2="4">
    <subfield code="9">57501</subfield>
    <subfield code="a">Impuestos</subfield>
    <subfield code="x">M&#xE9;xico</subfield>
  </datafield>
  <datafield tag="650" ind1=" " ind2="4">
    <subfield code="9">135829</subfield>
    <subfield code="a">Finanzas</subfield>
    <subfield code="x">Pol&#xED;ticas gubernamentales</subfield>
  </datafield>
  <datafield tag="650" ind1=" " ind2="4">
    <subfield code="9">40959</subfield>
    <subfield code="a">Finanzas p&#xFA;blicas</subfield>
    <subfield code="x">Contabilidad</subfield>
  </datafield>
  <datafield tag="700" ind1="1" ind2=" ">
    <subfield code="9">186836</subfield>
    <subfield code="a">Cruz Garc&#xED;a, Facundo de la</subfield>
    <subfield code="e">director.</subfield>
  </datafield>
  <datafield tag="856" ind1=" " ind2=" ">
    <subfield code="u">http://10.13.5.2/tesis/td/Duran_Ruvalcaba_Marco_Antonio.pdf</subfield>
    <subfield code="z">DESCARGAR PDF</subfield>
  </datafield>
  <datafield tag="942" ind1=" " ind2=" ">
    <subfield code="2">Clasificaci&#xF3;n Universidad Aut&#xF3;noma Chapingo</subfield>
    <subfield code="c">TD</subfield>
  </datafield>
  <datafield tag="999" ind1=" " ind2=" ">
    <subfield code="c">218676</subfield>
    <subfield code="d">218676</subfield>
  </datafield>
  <datafield tag="952" ind1=" " ind2=" ">
    <subfield code="0">0</subfield>
    <subfield code="1">0</subfield>
    <subfield code="2">local</subfield>
    <subfield code="4">0</subfield>
    <subfield code="5">1</subfield>
    <subfield code="7">0</subfield>
    <subfield code="8">TesdigD</subfield>
    <subfield code="a">BC</subfield>
    <subfield code="b">BC</subfield>
    <subfield code="c">E_L</subfield>
    <subfield code="d">2023-05-03</subfield>
    <subfield code="l">0</subfield>
    <subfield code="o">Tesis digital</subfield>
    <subfield code="r">2023-05-03 00:00:00</subfield>
    <subfield code="w">2023-05-03</subfield>
    <subfield code="y">TD</subfield>
  </datafield>
</record>
